Data mining : (Record no. 193394)
[ view plain ]
| 000 -LEADER | |
|---|---|
| fixed length control field | 00736nam a2200229Ia 4500 |
| 005 - DATE AND TIME OF LATEST TRANSACTION | |
| control field | 20251208090124.0 |
| 008 - FIXED-LENGTH DATA ELEMENTS--GENERAL INFORMATION | |
| fixed length control field | 210716s2011 xx 000 0 und d |
| 020 ## - INTERNATIONAL STANDARD BOOK NUMBER | |
| International Standard Book Number | 9788131715123 |
| 040 ## - CATALOGING SOURCE | |
| Transcribing agency | AIMIT LIBRARY |
| 041 ## - LANGUAGE CODE | |
| Language code of text/sound track or separate title | eng |
| 082 ## - DEWEY DECIMAL CLASSIFICATION NUMBER | |
| Classification number | 005.762 |
| Edition number | 1 |
| Item number | ROIR |
| 100 ## - MAIN ENTRY--PERSONAL NAME | |
| Personal name | Roiger, Richard J. |
| 9 (RLIN) | 47068 |
| 245 ## - TITLE STATEMENT | |
| Title | Data mining : |
| Remainder of title | tutorial based primer / |
| Statement of responsibility, etc. | By Richard J Roiger and Michael W Geatz. |
| 250 ## - EDITION STATEMENT | |
| Edition statement | 1st ed. |
| 260 ## - PUBLICATION, DISTRIBUTION, ETC. | |
| Place of publication, distribution, etc. | New Delhi : |
| Name of publisher, distributor, etc. | Pearson , |
| Date of publication, distribution, etc. | 2011. |
| 300 ## - PHYSICAL DESCRIPTION | |
| Extent | 374, I-13p. ; |
| Dimensions | 23.5 cm. |
| Other physical details | PB |
| 650 ## - SUBJECT ADDED ENTRY--TOPICAL TERM | |
| Topical term or geographic name entry element | Data mining: a closer look |
| 9 (RLIN) | 47069 |
| 650 ## - SUBJECT ADDED ENTRY--TOPICAL TERM | |
| Topical term or geographic name entry element | An excel- based data mining tool |
| 9 (RLIN) | 47070 |
| 650 ## - SUBJECT ADDED ENTRY--TOPICAL TERM | |
| Topical term or geographic name entry element | Neural networks |
| 9 (RLIN) | 47071 |
| 700 ## - ADDED ENTRY--PERSONAL NAME | |
| Personal name | Geatz, Michael W. |
| 9 (RLIN) | 47072 |
| 942 ## - ADDED ENTRY ELEMENTS (KOHA) | |
| Source of classification or shelving scheme | Dewey Decimal Classification |
| Koha item type | Book |
| Edition | 1st |
| Call number prefix | 005.762 ROIR |
| Withdrawn status | Lost status | Damaged status | Not for loan | Collection code | Home library | Current library | Date acquired | Source of acquisition | Total Checkouts | Full call number | Barcode | Date last seen | Date last checked out | Price effective from | Koha item type | Source of classification or shelving scheme | Cost, normal purchase price | Inventory number | Cost, replacement price |
|---|---|---|---|---|---|---|---|---|---|---|---|---|---|---|---|---|---|---|---|
| MCA | St Aloysius Institute of Management & Information Technology | St Aloysius Institute of Management & Information Technology | 07/16/2021 | Donated | 1 | 005.762 ROIR | MCA00378 | 05/23/2026 | 05/21/2024 | 07/16/2021 | Book | ||||||||
| MCA | St Aloysius Institute of Management & Information Technology | St Aloysius Institute of Management & Information Technology | Knowledge World | 005.762 ROIR | MCA12902 | 05/23/2026 | 07/16/2021 | Book | Dewey Decimal Classification | 550.00 | Bill no:1616; Bill dt:2013-05-20 | 412.50 |